| 000 | 02689cam a2200397 i 4500 | ||
|---|---|---|---|
| 999 |
_c28088 _d28059 |
||
| 001 | 20388400 | ||
| 003 | EG-ScBUE | ||
| 005 | 20200215092001.0 | ||
| 008 | 180302t2019 flua f b 001 0 eng d | ||
| 020 | _a9780815345992 (pbk. : alk. paper) | ||
| 020 | _a0815345992 (pbk. : alk. paper) | ||
| 035 | _a(DNLM)101722162 | ||
| 040 |
_aDNLM/DLC _beng _erda _cDLC _dDLC _dEG-ScBUE |
||
| 041 | 0 |
_aeng _beng |
|
| 082 | 0 | 4 |
_a572.86459 _bDNA _222 |
| 245 | 0 | 0 |
_aDNA repair and replication : _bmechanisms and clinical significance / _cedited by Roger J. A. Grand, John J. Reynolds. |
| 264 | 1 |
_aBoca Raton : _bCRC Press, Taylor & Francis Group : _bA Garland Science book, _c[2019] |
|
| 264 | 4 | _cc2019 | |
| 300 |
_axvi, 348 pages : _bcolor illustrations ; _c28 cm |
||
| 336 |
_atext _2rdacontent _btxt |
||
| 337 |
_aunmediated _2rdamedia _bn |
||
| 338 |
_avolume _2rdacarrier _bnc |
||
| 504 | _aIncludes bibliographical references and index. | ||
| 505 | 0 | _aDNA replication and cell cycle control / Sara Priego Moreno, Rebecca M. Jones, and Agnieszka Gambus -- DNA replication termination and genomic instability / Rebecca M. Jones, Sara Priego Moreno, and Agnieszka Gambus -- Mechanisms of DNA damage tolerance / Anastasia Zlatanou and Cyrus Vaziri -- Repair of DNA adducts and single strand breaks / Alicja Winczura and John J Reynolds -- Homologous recombination at replication forks / Eva Petermann -- Mechanisms of double strand break repair by non-homologous end-joining / Michal Malewicz -- Protein methylation and the DNA damage response / Martin Higgs and Clare Davies -- Ubiquitin, SUMO, and the DNA double strand break response / R.M. Densham, A.J. Garvin, and J.R. Morris -- Transcription in the context of genome stability maintenance / Marco Saponaro -- RNA binding proteins and the DNA damage response / Roger Grand -- DNA replication and inherited human disease / John J. Reynolds and Grant S. Stewart -- Genetics of ataxia telangiectasia and AT like disorders / A. Malcolm R. Taylor -- DNA repair mechanisms in stem cells and its implications during ageing / Rachel Bayley and Paloma Garcia -- Targeting replication stress in sporadic tumours / Marwan Kwok and Tatjana Stankovik. | |
| 546 | _aIn English ; summary in English. | ||
| 650 | 7 |
_aDNA Repair _xgenetics. _2BUEsh |
|
| 650 | 7 |
_aDNA Replication _xgenetics. _2BUEsh |
|
| 653 |
_bEENERGYY _cFebruary2020 |
||
| 655 |
_vReading book _934232 |
||
| 700 | 1 |
_aGrand, R. J. A. _q(Roger J. A.), _eeditor. |
|
| 700 | 1 |
_aReynolds, John J. _q(John Joseph), _d1983- _eeditor. |
|
| 906 |
_a7 _bcbc _corignew _d1 _eecip _f20 _gy-gencatlg |
||
| 942 |
_2ddc _cBB |
||